| 000 | 00329nam a22001217a 4500 | ||
|---|---|---|---|
| 003 | SGT | ||
| 082 |
_a616.12 _bA12O |
||
| 100 | _aO'GARA, PATRICK T. | ||
| 245 | _aACCSAP P-8 BOOK-7 VALVULAR HEART DISEASE ADULT CONGENITAL | ||
| 260 |
_aUSA _bAMERICAN COLLEGE OF CARDIOLOGY FOUNDATION _c2012 |
||
| 650 | _aCARDIOLOGY | ||
| 942 |
_2ddc _cBK |
||
| 999 |
_c21776 _d21776 |
||